000
00323nam a2200133Ia 4500
005
20251222144623.0
008
251222s9999||||xx |||||||||||||| ||spa||
020
_a
84-7020-191-3
082
_a
240.4/S23/T.2
100
_a
Sánchez García, Urbano
245
0
_a
La Opción del Cristiano:
264
_b
Atenas
942
_c
LIB
999
_c
16008
_d
16008